| 000 | 04636cam a22003974a 4500 | ||
|---|---|---|---|
| 999 |
_c10358 _d10358 |
||
| 001 | 47136533 | ||
| 003 | OCoLC | ||
| 005 | 20241126110730.0 | ||
| 008 | 010605s2002 nyua b 001 0 eng | ||
| 010 | _a2001037242 | ||
| 020 |
_a038549114X _q(alk. paper) |
||
| 020 |
_a9780385491143 _q(alk. paper) |
||
| 020 |
_a0385491158 _q(pbk.) |
||
| 020 |
_a9780385491150 _q(pbk.) |
||
| 035 |
_a(OCoLC)47136533 _z(OCoLC)53329477 _z(OCoLC)229320197 _z(OCoLC)969874363 _z(OCoLC)977825993 |
||
| 040 |
_aDLC _beng _cDLC _dNOR _dOCLCQ _dBTCTA _dYDXCP _dOCLCG _dIG# _dBTN _dOCLCF _dOCLCO _dOCLCQ _dSFR _dBAKER _dSEO _dBDX _dOCLCQ _dCNUTO _dAL5CN _dOCLCQ _dXBE _dBRL _dOCLCQ _dNYHOF _dOCLCQ _dIL4J6 _dOCLCO _dOCLCQ _dOCLCO _dOCLCL |
||
| 042 | _apcc | ||
| 050 | 0 | 0 |
_aBR145.2 _b.M69 2002 |
| 055 | 3 |
_aBR145.2 _b.M69 2003 |
|
| 060 | 4 | _a270 M938f | |
| 082 | 0 | 0 |
_a270 _221 _bMOY |
| 100 | 1 |
_aMoynahan, Brian, _d1941- _917980 |
|
| 245 | 1 | 4 |
_aThe faith : _ba history of Christianity / _cBrian Moynahan |
| 250 | _a1st ed | ||
| 260 |
_aNew York : _bDoubleday, _c2002 |
||
| 300 |
_aviii, 806 pages : _billustrations ; _c25 cm |
||
| 336 |
_atext _btxt _2rdacontent |
||
| 337 |
_aunmediated _bn _2rdamedia |
||
| 338 |
_avolume _bnc _2rdacarrier |
||
| 504 | _aIncludes bibliographical references (pages 761-767) and index | ||
| 505 | 0 | 0 |
_g1. _tThe cross -- _g2. _tThe master builder : Paul -- _g3. _tThe third race : early writing and worship -- _g4. _tThe blood of martyrs -- _g5. _t"Conquer by this" : Constantine -- _g6. _tHeretics -- _g7. _t"through them the world is kept in being" : monks -- _g8. _tThe transpierced heart : Augustine -- _g9. _tLost Atlantis : the Islamic invasions -- _g10. "A _tslave in Christ for foreign people" : the Pagan conversions -- _g11. "A _tcarnage of pagans" : crusades -- _g12. _t"Act with a kindly harshness" : the laws of war -- _g13. _t"O fire of love" : manifestations of the spirit -- _g14. _t"If golde ruste, what should iren do?" : early reformers -- _g15. _t"something that appeals to the eye" : papal attitudes -- _g16. _t"By faith alone" : printing and protestants -- _g17. _tThe word of God : the Bible as lethal weapon -- _g18. _t"Keep watch over the lives of everyone" : Calvin and the Puritans -- _g19. "The _tprince's wrath means death" : English speakers -- _g20. _tRoman soldiers : Counter-reformation -- _g21. _t"Art thou become quite other than thyself, so cruel?" : the Spanish Inquisition -- _g22. _t"Rather a country ruined than a country damned" : the wars of religion -- _g23. _tGod's charnel house : the witch-finders -- _g24. _t"I the voice of Christ in the desert of this island" : the Americas -- _g25. "A _tdesert-dweller in pursuit of wild beasts" : the Jesuits in Paraguay -- _g26. "The _tattractive African meteor" : the slave trade -- _g27. _t"Rock, rock, oh when will thou open, rock? " : eastern missions -- _g28. "The _tLord make it like New England" : Protestant America -- _g29. "The _tmelancholy wastes of woe" : revolutions -- _g30. _t"American Z ion" : Mormons -- _g31. _t"Drawing the eye-tooth of the tiger" : missions -- _g32. _tThe descent of man : Darwin -- _g33. _t"The _tgodless rulers of darkness" : totalitarians -- _g34. _t"I have a dream" : liberation theology -- _g35. _tCharisma |
| 520 | 1 | _a"Moynahan traces the extraordinary journey that Christianity has made from its start as a small and vulnerable sect - "They were crucified or set on fire," Tacitus wrote of Christians, in Nero's Rome, "so that when darkness came they burned like torches in the night"--To the world's greatest congregation of almost two billion baptized souls. The Faith opens with the story of Jesus himself, the Resurrection, and the spreading of the Gospels. It shows how the young religion's growing power in the East, the cradle of its early monks and philosophers, was broken by the Islamic conquests, and how its energies were redirected westward into barbarian Europe. Moynahan covers in lucid detail the intensity of the medieval faith, with its titanic cathedrals, its clashes between Islam and Christendom, and its fracture into Reformation, Catholic Counter-Reformation, and the religious dissent that drove settlers to seek religious freedom in the Americas." "Based on little-known primary sources (including early Arabic writings), and featuring more than one hundred photographs and illustrations, this extraordinary history will be of interest to Christians of all denominations, to historians, and to every reader who seeks a fuller understanding of a force that has shaped the modern world."--Jacket | |
| 650 | 0 |
_aChurch history _9117 |
|
| 776 | 0 | 8 |
_iOnline version: _aMoynahan, Brian, 1941- _tFaith. _b1st ed. _dNew York : Doubleday, 2002 _w(OCoLC)636321935 |
| 942 |
_2ddc _cBK _01 |
||